|
|
|
|
| LEADER |
00000naa2a2200000 4500 |
| 001 |
238287 |
| 005 |
20231031205121.0 |
| 035 |
|
|
|a (RuTPU)RU\TPU\book\259474
|
| 035 |
|
|
|a RU\TPU\book\259469
|
| 090 |
|
|
|a 238287
|
| 100 |
|
|
|a 20130523d2011 k y0rusy50 ca
|
| 101 |
0 |
|
|a rus
|
| 102 |
|
|
|a RU
|
| 200 |
1 |
|
|a Анали взаимного влияния экономических показателей и электропотребления Томской области
|f М. В. Волков
|
| 320 |
|
|
|a Библиогр.: 2 (назв.)
|
| 463 |
|
0 |
|0 (RuTPU)RU\TPU\book\250271
|t Локальная энергетика: опыт, проблемы, перспективы развития
|o сборник материалов научно-практической конференции, 2011 г., г. Томск
|f ЯкутскЭнерго, ОАО "СахаЭнерго"; Российская академия наук (РАН), Сибирское отделение (СО), Институт физико-технических проблем Севера (ИФТПС)
|v С. 15-18
|d 2011
|p 98 с.
|
| 610 |
1 |
|
|a труды учёных ТПУ
|
| 610 |
1 |
|
|a экономические показатели
|
| 610 |
1 |
|
|a электропотребление
|
| 610 |
1 |
|
|a показатели
|
| 610 |
1 |
|
|a зависимость
|
| 610 |
1 |
|
|a Томская область
|
| 700 |
|
1 |
|a Волков
|b М. В.
|c специалист в области технологий ресурсосбережения
|c ведущий электроник Томского политехнического университета
|g Михаил Валерьевич
|2 stltpush
|3 (RuTPU)RU\TPU\pers\27066
|
| 801 |
|
1 |
|a RU
|b 63413507
|c 20130523
|
| 801 |
|
2 |
|a RU
|b 63413507
|c 20130523
|g RCR
|
| 942 |
|
|
|c BK
|